000 00558nam a2200241Ia 4500
003 OSt
005 20220912152307.0
006 a|||||r|||| 00| 0
007 ta
008 220909b |||||||| |||| 00| 0 eng d
024 _a52958
037 _cTextual
040 _aCSL
_beng
_cCSL
041 _aeng
082 _aJ.192, K1
100 _aWrigley Gordon
245 0 _aTropical agriculture
260 _c1961
300 _ap.
_ccm.
650 _aAgriculture
942 _hJ.192, K1
_cTEXL
_2CC
999 _c84027
_d84027